| 000 | 00352 a2200145 4500 | ||
|---|---|---|---|
| 999 |
_c12277 _d12277 |
||
| 003 | OSt | ||
| 005 | 20240116152500.0 | ||
| 008 | 240116b ||||| |||| 00| 0 eng d | ||
| 020 | _a9780060533229 | ||
| 082 | _a600 | ||
| 100 | _aBenyus, Janine M. | ||
| 245 | _aBiomimicry : innovation inspired by nature | ||
| 260 |
_bMariner Books _c2002 |
||
| 942 | _2ddc | ||